000 00906nam a2200289 a 4500
001 000112788
003 CHAP
005 20220329144321.0
008 161117s2014 mx a |r| ||||||spa d
010 _a109249
011 _a110221
040 _cCHAP
082 0 4 _a338.17311
_bR42 2014
245 0 0 _aReporte estadistico :
_bCamara Nacional de la Industria Molinera de Trigo.
260 _aMéxico, D.F. :
_bCamara Nacional de la Industria Molinera de Trigo,
_c2014.
300 _a108 p. :
_bil., gráficas.
590 _aE11695DGD
_b10
_c20170207
_lUCH01
_h1136
590 _aE11695DGD
_b10
_c20170207
_lUCH01
_h1138
590 _aE5765TAJ
_b05
_c20161117
_lUCH01
_h0925
650 1 4 _aTrigo
_xAspectos económicos.
_9114967
650 1 4 _aTrigo
_xEstadísticas.
_9115023
650 1 4 _aTrigo
_xMercadeo.
_9115058
650 1 4 _aTrigo
_xSubproductos.
_9115105
901 _aBK
942 _cLIBRO
942 _n0
999 _c109249
_d109249